000 01033cad a22002295a 4500
001 E149567
008 100322s2010 xxub f s 000 0 eng d
035 _a(Sirsi) u149567
041 0 _aeng
050 0 4 _a333.33 $2 18
110 2 _aPramerica Real Estate Investors
_95594
245 0 0 _aAsian quarterly market perspective
_bJanuary 2010
_h[electronic resource]
260 _aParsipanny, NJ
_bPramerica Real Estate Investors
_c2010
490 0 _aPREI Asian Quarterly Market Perspective
_vJanuary 2010
520 _aReports that 2009 ended on a positive note for Asian economies, with the office and retail markets forecast to improve in 2010. Suggests that there will be more opportunities for investors in the coming year.
521 _aAdvanced
590 _aKA
651 4 _aAsia
690 _aPROPERTY-COMMERCIAL PROPERTY-COMMERCIAL PROPERTY MARKET
856 4 0 _uhttps://www.pramericarei.com/pramerica/pdf/realestate/Pra_AsianQ_Jan_10.pdf
_zView the item free of charge (PDF file) at www.pramericarei.com...
942 _n0
999 _c110540
_d110540